Minh mệnh chính yếu : t. II
Сохранить в:
| Главные авторы: | , |
|---|---|
| Формат: | Sách giấy |
| Язык: | Vietnamese |
| Опубликовано: |
Sài Gòn :
Phủ Quốc vụ khanh Đặc trách Văn hóa ,
1972
|
| Метки: |
Добавить метку
Нет меток, Требуется 1-ая метка записи!
|
| Thư viện lưu trữ: | Thư viện Trường Đại học Đà Lạt |
|---|
| LEADER | 00632nam a2200265 4500 | ||
|---|---|---|---|
| 001 | DLU020013598 | ||
| 005 | ##6/19/2000 | ||
| 020 | # | # | |a 978- |
| 041 | # | # | |a vie |
| 082 | # | # | |a 959.703 |b QUO |
| 090 | # | # | |a 959.703 |b QUO |
| 100 | # | # | |a Vũ Quang Khanh |
| 100 | # | # | |a Võ Khắc Văn |
| 245 | # | # | |a Minh mệnh chính yếu : |b t. II |
| 260 | # | # | |a Sài Gòn : |b Phủ Quốc vụ khanh Đặc trách Văn hóa , |c 1972 |
| 300 | # | # | |a 430 tr.; |c 24 cm. |
| 992 | # | # | |a 645 |
| 994 | # | # | |a DLU |
| 900 | # | # | |a False |
| 911 | # | # | |a Administrator |
| 925 | # | # | |a G |
| 926 | # | # | |a A |
| 927 | # | # | |a SH |
| 980 | # | # | |a Thư viện Trường Đại học Đà Lạt |